30 day GMAT Success : how I scored 780 on the GMAT in 30 days-- and how you can too! (Record no. 590621)
[ view plain ]
| 000 -LEADER | |
|---|---|
| fixed length control field | 00463nam a22001817a 4500 |
| 003 - CONTROL NUMBER IDENTIFIER | |
| control field | NUST |
| 005 - DATE AND TIME OF LATEST TRANSACTION | |
| control field | 20220726101322.0 |
| 020 ## - INTERNATIONAL STANDARD BOOK NUMBER | |
| International Standard Book Number | 9780983170167 |
| 038 ## - RECORD CONTENT LICENSOR | |
| Staff Name | Azhar |
| 082 ## - DEWEY DECIMAL CLASSIFICATION NUMBER | |
| Classification number | 650.076 |
| Author Mark | BRA |
| 100 ## - MAIN ENTRY--PERSONAL NAME | |
| Personal name | Brandon Wu |
| 9 (RLIN) | 95126 |
| 245 ## - TITLE STATEMENT | |
| Title | 30 day GMAT Success : how I scored 780 on the GMAT in 30 days-- and how you can too! |
| Statement of responsibility, etc. | Brandon Wu |
| 250 ## - EDITION STATEMENT | |
| Edition statement | 3rd edition |
| 260 ## - PUBLICATION, DISTRIBUTION, ETC. | |
| Place of publication, distribution, etc. | USA |
| Name of publisher, distributor, etc. | 30 day Books |
| Date of publication, distribution, etc. | 2012 |
| 300 ## - PHYSICAL DESCRIPTION | |
| Extent | 382p |
| 563 ## - BINDING INFORMATION | |
| Binding note | PB |
| 942 ## - ADDED ENTRY ELEMENTS (KOHA) | |
| Source of classification or shelving scheme | |
| Koha item type | Lincoln Corner |
| Withdrawn status | Lost status | Source of classification or shelving scheme | Damaged status | Not for loan | Permanent Location | Current Location | Shelving location | Date acquired | Full call number | Barcode | Date last seen | Price effective from | Koha item type |
|---|---|---|---|---|---|---|---|---|---|---|---|---|---|
| Central Library (CL) | Central Library (CL) | Lincoln Corner | 07/26/2022 | 650.076 BRA | LC-230 | 07/26/2022 | 07/26/2022 | Reference |
